| 000 | 00737nam a22001937a 4500 | ||
|---|---|---|---|
| 005 | 20180420165841.0 | ||
| 010 | _aB-691545-546 | ||
| 020 |
_c335.00 _a9780195687859 |
||
| 035 | _aB-691545-546 | ||
| 037 | _bR.K.Books | ||
| 082 | _a934 | ||
| 100 | _aSharma, Ram Sharan | ||
| 245 |
_aIndia's ancient past / _cby Ram Sharan Sharma |
||
| 260 |
_aNew Delh _bOxford University Press _c2005 |
||
| 270 |
_a2/11, Ansari Road, Darya Gnaj, _bNew Delhi _e110002 |
||
| 300 |
_axi, 387 pages : illustrations ; _c23cm(pbk) |
||
| 942 |
_2ddc _cEN _mSHA _h934 |
||
| 999 |
_c151647 _d151647 |
||